Ciencias sociales 8º egb /

Guardado en:
Autor Principal: Bertoncello, Rodolfo
Formato: Libro
Publicado: Buenos Aires : Santillana, 2002
Series:Santillana Hoy1
Etiquetas: Agregar Etiqueta
Sin Etiquetas, Sea el primero en etiquetar este registro!
LEADER 00439nam a22001575a 4500
001 CEM.cems011168
005 20060214000000.0
008 130507s2002##################000#0#####d
003 CEMS
082 0 4 |a Z302 
100 1 |a Bertoncello, Rodolfo 
245 1 0 |a Ciencias sociales 8º egb / 
260 |a Buenos Aires :  |b Santillana,  |c 2002 
300 |a 208 p. 
490 0 |a Santillana Hoy1 
859 |a CEMS  |b BIB. CEMS - 11 de abril  |h Z302  |i B462-2/8§  |p 22037.03  |t Ej.1